=LDR 00000nam 2200000 4500 =001 INLIS000000000054636 =005 20200218092315 =035 ##$$a 0010-0220000198 =007 ta =008 200218###########################0#ind## =020 ##$$a 978-6027820-52-4 =082 ##$$a 297.51 =084 ##$$a 297.51 Uma b =245 1#$$a Bertanyalah pada hatimu /$c Umar Hidayat =300 ##$$a 248 halaman : $b Ilustrasi ; $c 20 Cm. =650 #4$$a Akhlak =700 #$$a Penyunting, Muhammad Sidiq =264 ##$$a Yogyakarta :$b Pro-U-Media,$c 2016 =336 ##$$a teks$2 rdacontent =337 ##$$a lain-lain$2 rdamedia =338 ##$$a lain-lain$2 rdacarrier =990 ##$$a 10741074 =990 ##$$a 10741074 =990 ##$$a 3202001075 =990 ##$$a 3202001074